000 00670nam a22001937a 4500
005 20240926163653.0
010 _aENG-141795
020 _a9789357318389
_c699.00
035 _aEN-125327
037 _bDBAD
082 _a324.954
100 _aChatterjeee, Kingshuk
_972065
245 _aChambers Book of Indian Election Facts/
_cBy Kingshuk Chatterjeee [and] Surbek Biswas
260 _aGurugram
_bHachelle Book Publishing India Pvt Ltd
_c2024
270 _a4th & 5th Floor, Corporate Centre, Plot No. 94, Sector 44
_bGurugram
_e122003
300 _a563p.
_c20cm.(pb)
700 _aBiswas, Surbek
_eAuthor
_972066
942 _2ddc
_cEN
_h324.954
_mCHA
999 _c205955
_d205955